| 000 | 00932nam a22002897a 4500 | ||
|---|---|---|---|
| 005 | 20110725144245.0 | ||
| 008 | 110725t xxu||||| |||| 00| 0 eng d | ||
| 010 | _aENG-103123 | ||
| 020 |
_a9780070681941 _c325.00 |
||
| 020 |
_a0070681945 _c325.00 |
||
| 035 | _aEN-86656 | ||
| 037 | _bDBAD / PUB | ||
| 040 |
_adpl _bEnglish |
||
| 082 | _a589.3 | ||
| 100 |
_929868 _aSharma, O.P. |
||
| 245 |
_aAlgae / _cby O.P. Sharma |
||
| 260 |
_aNew Delhi _bTata McGraw Hill _c2011 |
||
| 270 |
_a7, West Patel Nagar _bNew Delhi _e110008 |
||
| 300 |
_axv,389p. : _c24cm (pbk) _bill. |
||
| 490 |
_aDiversity of microbes and cryptogams _930034 |
||
| 500 | _aIncludes index | ||
| 650 | _929869 | ||
| 651 | _91549 | ||
| 700 | _929871 | ||
| 942 |
_2ddc _cEN _h589.3 _mSHA |
||
| 999 |
_c54329 _d54329 |
||